Normal view
MARC view
Entry Personal Name
001 - CONTROL NUMBER
- control field: 346007
003 - CONTROL NUMBER IDENTIFIER
- control field: OSt
005 - DATE AND TIME OF LATEST TRANSACTION
- control field: 20220926042246.0
008 - FIXED-LENGTH DATA ELEMENTS
- fixed length control field: 220926|| aca||aabn | a|a d
040 ## - CATALOGING SOURCE
- Original cataloging agency: OSt
- Transcribing agency: OSt
100 ## - HEADING--PERSONAL NAME
- Personal name: HUME A O
670 ## - SOURCE DATA FOUND
- Source citation: Work cat.: (OSt)669263: HUME A O, Agricultural reform in india, 1899
